000 00776nam a2200229Ia 4500
001 15315
003 GE_BSU
008 181216s||||||||xx |||||||||||||| ||und||
040 _cGE_BSU
080 _a821.133.1-32
100 _aშატბერაშვილი,გიორგი.
245 _aმტკვრის სათავისაკენ
245 _bმოთხრობები
245 _cრედ.მ.ზუბადალაშვილი. მხატვ.ზ.დეისაძე
260 _aთბილისი
260 _bნაკადული
260 _c1976
300 _a306გვ.21სმ.
653 _aმოთხრობები
653 _aმტკვრის სათავისაკენ
942 _cBK
999 _c48423
_d48423